Observations d'un sourd et muèt sur un cours élémentaire d'éducation des sourds et muèts publié en 1779 par M. l'Abbé Deshamps, Chapelain de l'Église d'Orléans (Record no. 268616)
[ view plain ]
| 000 -LEADER | |
|---|---|
| fixed length control field | 00762cam a22002293a 4500 |
| 001 - CONTROL NUMBER | |
| control field | 39363 |
| 003 - CONTROL NUMBER IDENTIFIER | |
| control field | PGUSA |
| 005 - DATE AND TIME OF LATEST TRANSACTION | |
| control field | 20140828083856.0 |
| 008 - FIXED-LENGTH DATA ELEMENTS--GENERAL INFORMATION | |
| fixed length control field | 120403s2012||||xxu|||||s|||||000 | eng d |
| 040 ## - CATALOGING SOURCE | |
| Original cataloging agency | PGUSA |
| Language of cataloging | eng |
| 042 ## - AUTHENTICATION CODE | |
| Authentication code | dc |
| 050 #4 - LIBRARY OF CONGRESS CALL NUMBER | |
| Classification number | HV |
| 100 1# - MAIN ENTRY--PERSONAL NAME | |
| Personal name | Desloges, Pierre, |
| Dates associated with a name | 1747- |
| 245 10 - TITLE STATEMENT | |
| Title | Observations d'un sourd et muèt sur un cours élémentaire d'éducation des sourds et muèts publié en 1779 par M. l'Abbé Deshamps, Chapelain de l'Église d'Orléans |
| Medium | [electronic resource] / |
| Statement of responsibility, etc | Pierre Desloges |
| 260 ## - PUBLICATION, DISTRIBUTION, ETC. (IMPRINT) | |
| Name of publisher, distributor, etc | Project Gutenberg, |
| Date of publication, distribution, etc | 2012 |
| 506 ## - RESTRICTIONS ON ACCESS NOTE | |
| Terms governing access | Public domain in the USA. |
| 516 ## - TYPE OF COMPUTER FILE OR DATA NOTE | |
| Type of computer file or data note | Electronic text |
| 653 ## - INDEX TERM--UNCONTROLLED | |
| Uncontrolled term | Surdité |
| 830 #0 - SERIES ADDED ENTRY--UNIFORM TITLE | |
| Uniform title | Project Gutenberg |
| Volume number/sequential designation | 39363 |
| 856 40 - ELECTRONIC LOCATION AND ACCESS | |
| Uniform Resource Identifier | <a href="http://www.gutenberg.org/ebooks/39363">http://www.gutenberg.org/ebooks/39363</a> |
| 942 ## - ADDED ENTRY ELEMENTS (KOHA) | |
| Koha item type | eBooks |
| Withdrawn status | Lost status | Damaged status | Home library | Current library | Date acquired | Total Checkouts | Date last seen | Price effective from | Koha item type |
|---|---|---|---|---|---|---|---|---|---|
| Project Gutenberg | Project Gutenberg | 08/28/2014 | 08/28/2014 | 08/28/2014 | eBooks |